Statistics for O Vocabulary Words Quiz #2

Click here to take the quiz!

General Stats

  • This quiz has been taken 30,431 times
    (23,688 since last reset)
  • The average score is 15 of 22

Answer Stats

DefinitionWord% Correct
Island of fertility in a desertOasis
96%
Person who sees thing in a positive lightOptimist
90%
Opposite of transparentOpaque
89%
Spoken, rather than writtenOral
88%
Drug made from the poppy plantOpium
88%
Angle greater than 90 degreesObtuse
86%
Organ that produces egg cellsOvary
86%
Type of gemstone that
reflects many colors
Opal
81%
Solemn vowOath
79%
Large, clumsy personOaf
75%
Rock that is rich in useful metalOre
74%
Contradiction in terms –
"Jumbo Shrimp", for example
Oxymoron
70%
Young owlOwlet
67%
The study of birdsOrnithology
61%
Doctor who specializes in childbirthObstetrician
57%
Rule by a small group of wealthy individualsOligarchy
55%
Person aged 80-89Octogenarian
55%
Describes a word that sounds like
what it represents
Onomatopoeia 
53%
Plantation supervisorOverseer
53%
Cut of meat taken from the tail of a cowOxtail
50%
Person who can foresee the futureOracle
47%
Russian term for regionOblast
21%

Score Distribution

Percentile by Number Answered

Percent of People with Each Score

Your Score History

You have not taken this quiz since the last reset